00661nam a2200181Ia 4500952015500000999001700155003000400172005001700176008004100193020001800234040000900252082002200261100003600283245005500319260004600374300000900420942005000429 00102ddc40708SOCIAL SCIENCEaMESbMEScSOCIAL SCIENCEd2019-02-20g550.00l0o305.420954 PRA/Wp36453r2019-02-20 00:00:00w2019-02-20yBKzGL41R1 c21608d21608OSt20200615111316.0190216s9999||||xx |||||||||||||| ||und|| a9789380031750 coclc a305.420954bPRA/W aPradhan, Krishna Chandra 92878 0aWomen And Social Change /cKrishna Chandra Pradhan bAbhijeet Publications,c2010.aNew Delhi: a168p cBK2ddch305.420954iPRA/Wk305.420954mPRA/W